000 00522nam a22001937a 4500
003 KOHA_MİRAKIL
005 20251022131819.0
008 251022b tu ||||| |||| 00| 0 tur d
020 _a9786050827286
040 _aTR-AnABB
_btur
_cTR-AnABB
041 _atur
082 _a920
_bGUR 2019
100 1 _aGürlek, Dursun,
245 1 0 _aAyaklı kütüphaneler /
_cDursun Gürlek
260 _aİstanbul :
_bTimaş Yayınları,
_c2019
300 _a375 sayfa ;
_c21 cm
650 0 0 _aBiyografi
942 _2ddc
_cBK
999 _c9182
_d9182
900 _bGizem YORULMAZ